01727nam a2200325 a 450000100100000000500170001000800410002702000150006804000250008308200180010824501950012626000720032130000190039349000490041249000350046150400700049650500360056665100640060265100630066665100530072970000360078270000420081871001460086083000420100683000560104891000380110495201220114295201220126499900150138600000543220200929151657.0090819s1992 es 001 0 spa d a8400071573 aDO-SdBNPbspacBNPHU a985.03bR382h00aRelaciones histórico-geográficas de la audiencia de Quito :bsiglos XVI-XIX /cedición, estudio introductorio y transcripcion por Pilar Ponce Leiva; preámbulo de Francisco de Solano. aMadrid :bConsejo Superior de Investigaciones Científicas,c1992. a2 v. ;c24 cm.1 aV Centenario del Descubrimiento de América1 aTierra Nueva e Cielo Nuevov30 aIncluye referencias bibliográficas y notas al pie de páginas.0 gv.1: s.XVI --gv.2: s.XVII-XIX. 4aQuito (Ecuador{Rpara}xHistoriayHASTA 1809xFuentes915427 4aCabildo De Quito (Ecuador{Rpara}xHistoriaxFuentes915428 4aEcuadorxGeografía HistóricaxFuentes9154291 aPonce Leyva, Pilar,eed.9154301 aSolano, Francisco de,eintrod.9153062 aConsejo Superior de Investigaciones Científicas (España).bCentro de Estudios Históricos.bDepartamento de Historia de América915431 1aTierra Nueva e Cielo Nuevov30915432 1aV Centenario del Descubrimiento de América915433 aValidado. Control de calidad EMS. 001050718MOaGRbGRcHDd2009-08-19iLF1l0o985.03 R382h | v. 1p5432-10r2020-06-25w2020-06-25y1ZNo se presta 001050718MOaGRbGRcHDd2009-08-26iLF1l0o985.03 R382h | v. 2p5432-20r2020-06-25w2020-06-25y1ZNo se presta c5232d5232